| 000 | 00905nam a22002175i 4500 | ||
|---|---|---|---|
| 001 | 161326 | ||
| 003 | ES-MaACL | ||
| 005 | 20230906212246.0 | ||
| 008 | 960320s1793 sp a |||| | spa d | ||
| 040 |
_aCAV _bspa _cCCPB | SIC |
||
| 100 | 1 |
_aPalos y Navarro, Enrique. _9130807 |
|
| 245 | 1 | 0 |
_aDisertacion sobre el teatro y circo de Sagunto, ahora villa de Murviedro / _ccompuesta por ... Enrique Palos y Navarro... |
| 260 |
_aEn Valencia : _by oficina de Salvador Fauli, _c1793. |
||
| 300 |
_a[8], 52 p., [1] h. de plan. pleg. ; _c4\po\s. |
||
| 596 | _aMarca tip. en port. | ||
| 597 | _aSign.: ¶\p4\s, a-f\p4\s, g\p2\s. | ||
| 599 | _aLa h. de plan.calc., plano del teatro de Sagunto. | ||
| 700 | 1 | 1 |
_aFaulí, Salvador, _eimp. _9127019 |
| 752 |
_aEspaña - _dValencia |
||
| 852 |
_aES-MaACL _jR-1862 _z-- Enc. piel _z-- Legado M. de la Fuente _q-- Falto de la port. y pag. 47-52. Olim: B-338 |
||
| 999 |
_c161326 _d161326 |
||